Vedení pohovoru

Enregistré dans:
Détails bibliographiques
Auteur principal: Clegg, Brian
Autres auteurs: Horký, Emil
Format: Livre
Langue:tchèque
Publié: Brno CP Books 2005
Collection:V kostce
Sujets:
Tags: Ajouter un tag
Pas de tags, Soyez le premier à ajouter un tag!

MARC

LEADER 00000nam$a2200000$$$4500
001 0036522
005 20240313133628.8
020 |a 80-251-0616-0 
041 0 |a cze 
044 |a CZ 
245 1 0 |a Vedení pohovoru  |c Brian Clegg ; překlad: Emil Horký 
264 1 |a Brno  |b CP Books  |c 2005 
300 |a 94 s. 
490 1 |a V kostce 
830 0 |a V kostce 
610 2 0 |a rozhovor 
610 2 0 |a komunikácia 
610 2 0 |a prijímanie pracovníkov 
610 2 0 |a výber pracovníkov 
100 1 |a Clegg, Brian 
700 1 |a Horký, Emil